00623 2200229 4500001002100000005001700021008004100038035002400079082001000103090001700113100002500130245009700155250001100252260002500263300002400288650002200312850001500334980001300349985000600362986001100368999001400379YOGYA-0209000001346120090227022325.0 ind  0010-020900000013461 a297.6 a297.6bMaa I aMAARIF, Ahmad Syafii aIslam dan masalah kenegaraan studi tentang peraturan dalam konstituantecAhmad Syafii Maarif aCet. 3 aJakartabLP3ESc1996 axvi, 225 hlmc23 cm aIslam dan politik aYOPDYOG(B) a30-06-05 a1 avartre a97P009323